00759nam a2200157Ia 4500008004100000100002300041245010900064245020700173260004900380260000900429300001000438650001300448856004800461999001900509952007300528170221s9999 xx 000 0 und d aLisa Marie Assante aIdentifying optimal communication mix for strategic destination image formation: a case study of Austria cLisa Marie Assante, Southern Utah University; Sophitmanee Sukalakamala, Southern Utah University; Hsing Ivan Wen, University of Hawaii at Manoa; Dorothy A. Knudson; Henderson Hospitality Management, Inc bJournal of Management and Marketing Research c2012 a1 : 5 xBusiness uhttp://www.aabri.com/manuscripts/131535.pdf c313365d313365 001040aCLbCLd2017-02-21l0r2017-02-21 00:00:00w2017-02-21yFOJ